[Event "Rome Accademia Primavera op"]
[Site "Rome"]
[Date "2011.04.03"]
[Round "5"]
[White "Passeri, Marco"]
[Black "De Carolis, Massimo"]
[Result "0-1"]
[WhiteElo "1521"]
[BlackElo "1972"]
[PlyCount "110"]
[EventDate "2011.04.01"]
[EventType "swiss"]
[EventRounds "5"]
[EventCountry "ITA"]
[SourceTitle "EXT 2023"]
[Source "ChessBase"]
[SourceDate "2022.10.05"]
[SourceVersion "1"]
[SourceVersionDate "2022.10.05"]
[SourceQuality "1"]

1. d4 Nf6 2. c4 e6 3. Nc3 Bb4 4. a3 Bxc3+ 5. bxc3 c5 6. e3 0-0 7. Bd3 b6 8. e4 d6 9. Bg5 e5 10. d5 Nbd7 11. Ne2 Re8 12. 0-0 h6 13. Bh4 Nf8 14. Qc2 Ng6 15. Bg3 Nh5 16. Qd2 Bd7 17. a4 a6 18. Rfb1 Qc7 19. a5 bxa5 20. Qa2 a4 21. Bc2 Reb8 22. Bxa4 Rxb1+ 23. Rxb1 Bxa4 24. Qxa4 Rb8 25. Qa2 Nf6 26. f3 Rb6 27. Kf2 Qb7 28. Rxb6 Qxb6 29. Nc1 Nd7 30. Nb3 Nb8 31. Ke3 Qd8 32. Qa4 Qd7 33. Qxd7 Nxd7 34. Na5 Nb6 35. Kd3 Kf8 36. Nc6 Ne7 37. Nxe5 dxe5 38. Bxe5 Nd7 39. Bc7 f6 40. f4 Ke8 41. g4 Ng6 42. Ke3 Ne7 43. e5 fxe5 44. fxe5 a5 45. Bxa5 Nxe5 46. Bc7 Nxc4+ 47. Kd3 Nxd5 48. Kxc4 Nxc7 49. Kxc5 Kd7 50. c4 g6 51. h3 Ne6+ 52. Kb6 Kd6 53. Kb5 Ke5 54. c5 Kf4 55. Kc6 Kg3 0-1

[Event "Rome Accademia Primavera op"]
[Site "Rome"]
[Date "2011.04.01"]
[Round "2"]
[White "Passeri, Marco"]
[Black "Romano, Marco Motraz"]
[Result "1/2-1/2"]
[WhiteElo "1521"]
[BlackElo "1852"]
[PlyCount "49"]
[EventDate "2011.04.01"]
[EventType "swiss"]
[EventRounds "5"]
[EventCountry "ITA"]
[SourceTitle "EXT 2023"]
[Source "ChessBase"]
[SourceDate "2022.10.05"]
[SourceVersion "1"]
[SourceVersionDate "2022.10.05"]
[SourceQuality "1"]

1. d4 Nf6 2. c4 g6 3. Nc3 Bg7 4. e4 d6 5. Nge2 0-0 6. Ng3 Nbd7 7. Be2 e5 8. d5 h6 9. Be3 Kh7 10. h4 Ng8 11. h5 a5 12. Qd2 Nc5 13. 0-0-0 g5 14. Nf5 Bxf5 15. exf5 Qf6 16. Rdg1 a4 17. f3 a3 18. b3 e4 19. Kc2 exf3 20. Bxf3 Qxf5+ 21. Kd1 Rfe8 22. Bd4 Nf6 23. Re1 Qd3 24. Qxd3+ Nxd3 25. Nb5 1/2-1/2

[Event "Rome Accademia Autumn"]
[Site "Rome"]
[Date "2010.10.09"]
[Round "3"]
[White "Passeri, Marco"]
[Black "Scagliarini, Bruno"]
[Result "0-1"]
[WhiteElo "1434"]
[BlackElo "1906"]
[PlyCount "96"]
[EventDate "2010.10.08"]
[EventType "swiss"]
[EventRounds "5"]
[EventCountry "ITA"]
[SourceTitle "EXT 2024"]
[Source "ChessBase"]
[SourceDate "2023.10.10"]
[SourceVersion "1"]
[SourceVersionDate "2023.10.10"]
[SourceQuality "1"]

1. d4 e6 2. Nf3 Nf6 3. e3 c5 4. Bd3 Nc6 5. 0-0 d5 6. b3 Be7 7. Bb2 0-0 8. Nbd2 b6 9. Ne5 Nxe5 10. dxe5 Nd7 11. f4 f5 12. Rf3 Bb7 13. Rh3 g6 14. g4 Rf7 15. gxf5 gxf5 16. Qh5 Rg7+ 17. Kf2 Qe8 18. Qh6 Qg6 19. Qxg6 Rxg6 20. Rg1 Rxg1 21. Kxg1 Nf8 22. Nf3 Re8 23. c4 Rd8 24. Rg3+ Kf7 25. Bc3 dxc4 26. Bxc4 Rd1+ 27. Kf2 Rc1 28. Bd2 Rc2 29. Ke2 Rxa2 30. Ng5+ Bxg5 31. fxg5 Be4 32. Bd3 Bxd3+ 33. Kxd3 Ng6 34. Bc3 Rxh2 35. Kc4 a6 36. b4 Rh4+ 37. Kb3 cxb4 38. Bd4 b5 39. Kxb4 Nxe5 40. Kc5 Nd3+ 41. Kb6 e5 42. Bc5 Nxc5 43. Kxc5 Rg4 44. Rh3 Kg6 45. Rh6+ Kxg5 46. Rxh7 Ra4 47. Re7 Kf6 48. Rd7 f4 0-1

[Event "Rome ASR op"]
[Site "Rome"]
[Date "2010.09.20"]
[Round "2"]
[White "Bolla, Vittorio"]
[Black "Passeri, Marco"]
[Result "0-1"]
[WhiteElo "1790"]
[BlackElo "1434"]
[PlyCount "44"]
[EventDate "2010.09.16"]
[EventType "swiss"]
[EventRounds "5"]
[EventCountry "ITA"]
[SourceTitle "EXT 2024"]
[Source "ChessBase"]
[SourceDate "2023.10.10"]
[SourceVersion "1"]
[SourceVersionDate "2023.10.10"]
[SourceQuality "1"]

1. e4 c5 2. Nf3 d6 3. Bb5+ Bd7 4. a4 Nc6 5. 0-0 g6 6. Re1 Bg7 7. c3 Nf6 8. d4 cxd4 9. cxd4 e5 10. Bxc6 Bxc6 11. d5 Bd7 12. b4 0-0 13. Bd2 h6 14. Na3 Nh5 15. Rc1 f5 16. Nc4 fxe4 17. Rxe4 Bf5 18. Re1 e4 19. Nd4 Bxd4 20. Bxh6 Qf6 21. Bxf8 Bxf2+ 22. Kh1 Ng3+ 0-1